| 000 | 00715nmc a2200301 a 4500 | ||
|---|---|---|---|
| 003 | AR-BaBNM | ||
| 005 | 20251128211140.0 | ||
| 008 | 192120s1993 ||||||||||||||000 | spa|| | ||
| 020 | _a84-406-3164-2 | ||
| 040 | _cAR-BaBNM | ||
| 100 | 1 | _aMorrison, Toni | |
| 245 | 1 | 0 | _aJazz |
| 250 | _a1ยช ed. | ||
| 260 |
_aBarcelona _bEdiciones B _c1993 |
||
| 300 | 0 | _a275 p. | |
| 490 | 0 | _aTiempos modernos | |
| 650 | 4 | _aNOVELAS | |
| 650 | 4 | _aLITERATURA CONTEMPORANEA | |
| 650 | 4 | _aLITERATURA ESTADOUNIDENSE | |
| 650 | 4 | _aESCRITORES | |
| 650 | 4 | _aDISCRIMINACION | |
| 650 | 4 | _aRACISMO | |
| 653 | 0 | _aNARRATIVA | |
| 655 | _aLITERATURA | ||
| 700 | 1 |
_aGubern, Jordi _etraductor |
|
| 942 | _cBK | ||
| 998 | _cmartin | ||
| 999 |
_c18451 _d18451 |
||